Statistics for Attack On Titan Quiz #1

Click here to take the quiz!

General Stats

  • This quiz has been taken 3,482 times
  • The average score is 13 of 15

Answer Stats

QuestionAnswer% Correct
Who raised Levi after his mother's deathKenny
96%
Who killed Sasha?Gabi
94%
Who ate Bertholdt?Armin
93%
Which one of these 4 ''Marleyans'' got eaten by a Titan on the start of their mission?Marcel
93%
Which one of these have at least one parent alive?Sasha
92%
What is the anime called in Japanese?Shingeki no Kyojin
92%
What is the real name of Krista Lenz?Historia Reiss
91%
Which of these is not one of the three walls?Wall Trost
91%
How is the island that the protagonists live in called?Paradis Island
90%
Who killed Eren's Father? (Grisha Jeager)Eren Jeager
89%
Which Titan Eren doesn't possess?Jaw Titan
89%
Who graduated to the top of the Training Corps?Mikasa
88%
Who saved Armin from a Titan's mouth?Eren
87%
Who became the commander of the Survey Corps after Erwin's death?Hange Zoe
83%
In which year did the anime start? (First Attack of the Titans)845
46%

Score Distribution

Percentile by Number Answered

Percent of People with Each Score

Your Score History

You have not taken this quiz